[Event "FRA-chT2 North 0607"]
[Site "France"]
[Date "2007.02.11"]
[Round "7.6"]
[White "Duboc, Antoine"]
[Black "Blondel, Jerome"]
[Result "1/2-1/2"]
[WhiteElo "2110"]
[BlackElo "1910"]
[PlyCount "136"]
[EventDate "2006.10.15"]
[EventType "team"]
[EventRounds "11"]
[EventCountry "FRA"]
[SourceTitle "EXT 2008"]
[Source "ChessBase"]
[SourceDate "2007.11.25"]
[SourceVersion "1"]
[SourceVersionDate "2007.11.25"]
[SourceQuality "1"]
[WhiteTeam "Maromme"]
[BlackTeam "Gonfreville II"]
[WhiteTeamCountry "FRA"]
[BlackTeamCountry "FRA"]

1. d4 d5 2. Nf3 Nf6 3. c4 e6 4. Nc3 Be7 5. e3 Nbd7 6. Bd3 dxc4 7. Bxc4 0-0 8. 0-0 c5 9. dxc5 Nxc5 10. b3 b6 11. Qe2 a6 12. a4 Qc7 13. Bb2 Bb7 14. h3 Rfd8 15. Rfd1 Rxd1+ 16. Rxd1 Rd8 17. Rd4 Nd5 18. Bxd5 exd5 19. Qd1 Bf6 20. Nxd5 Rxd5 21. Rxd5 Bxd5 22. Qxd5 Qd8 23. Qxd8+ Bxd8 24. Nd2 f6 25. Bd4 Ne6 26. Kf1 Nxd4 27. exd4 Kf7 28. Ke2 Ke6 29. Kd3 Kd5 30. Nc4 b5 31. axb5 axb5 32. Ne3+ Kc6 33. Ke4 Bb6 34. g4 g6 35. h4 Kd6 36. h5 Ke6 37. f4 Kd6 38. hxg6 hxg6 39. Ng2 f5+ 40. gxf5 gxf5+ 41. Kd3 Kd5 42. Ne3+ Ke6 43. Nd1 Bc7 44. Nc3 b4 45. Na2 Bxf4 46. Nxb4 Bd6 47. Nc2 Kd5 48. b4 f4 49. b5 f3 50. Ne3+ Ke6 51. Ke4 f2 52. d5+ Kd7 53. Kf3 Kc7 54. Kxf2 Bc5 55. Kf3 Kb6 56. Ke4 Kxb5 57. Nf5 Kb6 58. Ke5 Kc7 59. Ke6 Kd8 60. Nd6 Kc7 61. Ne4 Ba3 62. Nc3 Kd8 63. Nb5 Bc5 64. Ke5 Ke7 65. Ke4 Kf6 66. Kd3 Ke5 67. Kc4 Bf8 68. Nc7 Kd6 1/2-1/2

[Event "FRA-chT2 0405"]
[Site "France"]
[Date "2005.01.08"]
[Round "5.7"]
[White "Faby, Fabrice"]
[Black "Duboc, Antoine"]
[Result "1/2-1/2"]
[WhiteElo "2075"]
[BlackElo "2095"]
[PlyCount "50"]
[EventDate "2004.10.10"]
[EventType "team"]
[EventRounds "11"]
[EventCountry "FRA"]
[SourceTitle "EXT 2006"]
[Source "ChessBase"]
[SourceDate "2005.11.24"]
[SourceVersion "1"]
[SourceVersionDate "2005.11.24"]
[SourceQuality "1"]
[WhiteTeam "Rueil Malmaison"]
[BlackTeam "Maromme"]
[WhiteTeamCountry "FRA"]
[BlackTeamCountry "FRA"]

1. c4 c6 2. g3 d5 3. Bg2 Nf6 4. Nf3 e6 5. 0-0 Nbd7 6. d3 Bd6 7. Nc3 0-0 8. Qc2 Re8 9. b3 Nf8 10. d4 Ng6 11. e4 Nxe4 12. Nxe4 dxe4 13. Qxe4 e5 14. Bb2 exd4 15. Qxd4 Bf8 16. Qc3 Qc7 17. Rfe1 Bd7 18. Ng5 f6 19. Ne4 Rad8 20. h4 Ne5 21. h5 h6 22. f4 Ng4 23. Bf3 Bc8 24. Re2 Qf7 25. Rae1 f5 1/2-1/2

[Event "Smith & Williamson YM-B 8th"]
[Site "Witley"]
[Date "1998.07.24"]
[Round "10"]
[White "Duboc, Antoine"]
[Black "Debbage, Leigh"]
[Result "0-1"]
[WhiteElo "2059"]
[BlackElo "2075"]
[PlyCount "51"]
[EventDate "1998.07.20"]
[EventType "swiss"]
[EventRounds "11"]
[EventCountry "ENG"]
[SourceTitle "EXT 1999"]
[Source "ChessBase"]
[SourceDate "1998.11.16"]
[SourceVersion "1"]
[SourceVersionDate "1998.11.16"]
[SourceQuality "1"]

1. d4 e6 2. c4 d5 3. Nf3 Be7 4. Nc3 Nf6 5. Qc2 c5 6. e3 Nc6 7. dxc5 Bxc5 8. a3 a5 9. Be2 0-0 10. 0-0 Qe7 11. Rd1 Rd8 12. h3 Rb8 13. b3 h6 14. Bb2 d4 15. exd4 Bxd4 16. Nb5 Bxb2 17. Qxb2 Rxd1+ 18. Rxd1 b6 19. Ne5 Bb7 20. Bf3 Qc5 21. Nd7 Nxd7 22. Rxd7 Ne5 23. b4 Nxf3+ 24. gxf3 Qg5+ 25. Kf1 Bxf3 26. Qd4 0-1

[Event "Smith & Williamson YM-B 8th"]
[Site "Witley"]
[Date "1998.07.24"]
[Round "9"]
[White "Garner, David"]
[Black "Duboc, Antoine"]
[Result "1/2-1/2"]
[WhiteElo "2090"]
[BlackElo "2059"]
[PlyCount "84"]
[EventDate "1998.07.20"]
[EventType "swiss"]
[EventRounds "11"]
[EventCountry "ENG"]
[SourceTitle "EXT 1999"]
[Source "ChessBase"]
[SourceDate "1998.11.16"]
[SourceVersion "1"]
[SourceVersionDate "1998.11.16"]
[SourceQuality "1"]

1. e4 d5 2. exd5 Nf6 3. d4 Nxd5 4. Nf3 g6 5. Bc4 Bg7 6. c3 0-0 7. 0-0 Nc6 8. Bg5 h6 9. Bh4 Nf6 10. Re1 g5 11. Bg3 Bf5 12. Bd3 e6 13. Qc2 Ne7 14. Nbd2 Nfd5 15. Rad1 Rc8 16. a3 Bxd3 17. Qxd3 Nf5 18. Ne4 Nxg3 19. hxg3 Nf6 20. Ne5 Nxe4 21. Qxe4 c6 22. Rd3 Qd5 23. Qe2 f6 24. c4 Qd6 25. Nf3 Rce8 26. d5 cxd5 27. cxd5 e5 28. Nd2 f5 29. Nc4 Qc5 30. Rdd1 b5 31. Na5 Rf7 32. b4 Qb6 33. Rc1 Rd7 34. Rc5 a6 35. Rc6 Qd8 36. Rd1 Kh8 37. Qd2 Qa8 38. d6 Red8 39. Qd5 Bf8 40. Qxe5+ Kg8 41. Qe6+ Kg7 42. Qe5+ Kg8 1/2-1/2

[Event "Smith & Williamson YM-B 8th"]
[Site "Witley"]
[Date "1998.07.20"]
[Round "2"]
[White "Longson, Alexander"]
[Black "Duboc, Antoine"]
[Result "1-0"]
[WhiteElo "2135"]
[BlackElo "2059"]
[PlyCount "77"]
[EventDate "1998.07.20"]
[EventType "swiss"]
[EventRounds "11"]
[EventCountry "ENG"]
[SourceTitle "EXT 1999"]
[Source "ChessBase"]
[SourceDate "1998.11.16"]
[SourceVersion "1"]
[SourceVersionDate "1998.11.16"]
[SourceQuality "1"]

1. e4 d5 2. exd5 Nf6 3. d4 Nxd5 4. Nf3 g6 5. Be2 Bg7 6. 0-0 0-0 7. Re1 Nc6 8. c3 h6 9. Nbd2 Nb6 10. Bf1 Re8 11. Nc4 Nxc4 12. Bxc4 e6 13. Bf4 Ne7 14. Qd2 Kh7 15. Ne5 Rf8 16. Rad1 Nd5 17. Bg3 h5 18. h3 Bh6 19. Qc2 f5 20. Bd3 Qf6 21. a3 Nf4 22. Bxf4 Bxf4 23. Qe2 Bh6 24. Qf3 Rb8 25. Bc2 Qg7 26. Bb3 Rf6 27. Re2 b5 28. Qc6 Rb6 29. Qa8 Bb7 30. Qxa7 g5 31. a4 bxa4 32. Qxa4 Rd6 33. Qe8 g4 34. Qxh5 gxh3 35. Qxh3 Rf8 36. f3 Rg8 37. Kf2 Qf6 38. Rh1 Kg7 39. Qxh6+ 1-0